000 00586nam a2200229Ia 4500
003 OSt
005 20220926042636.0
006 a|||||r|||| 00| 0
007 ta
008 220923b |||||||| |||| 00| 0 eng d
037 _cGeneral Book
040 _aRTL
_cRTL
_beng
041 _2eng
_aeng
082 _aXA, H0
100 _aMendrshausen Horst
_9346563
245 0 _aEconomics of war
260 _c1940
490 _aPrentice-Hall Economic Series
650 _aWar Economics
_9233725
942 _hXA, H0
_cGB
_2CC
999 _c670259
_d670259